Most-Visited Countries by Slovenes - Statistics

General Stats
  • This quiz has been taken 274 times
  • The average score is 12 of 13
Answer Stats
Thousands Country % Correct
1,660 Croatia
97%
103 Germany
97%
152 Italy
97%
54 France
96%
35 United Kingdom
93%
149 Austria
92%
62 Spain
91%
117 Bosnia and Herzegovina
90%
89 Serbia
89%
35 Hungary
86%
27 Greece
83%
52 Czech Republic
72%
27 Montenegro
72%
No matching quizzes found
Score Distribution
Percent of People with Each Score
Percentile by Number Answered
Your Score History
You have not taken this quiz